| 000 | 01187nam a2200265Ia 4500 | ||
|---|---|---|---|
| 003 | OSt | ||
| 005 | 20220918110832.0 | ||
| 006 | a|||||r|||| 00| 0 | ||
| 007 | ta | ||
| 008 | 220915b |||||||| |||| 00| 0 hin d | ||
| 020 |
_a9789350838075 (hbk(Set)) _c3200 |
||
| 024 | _a92,446 | ||
| 037 |
_bGift, _cReference Collections |
||
| 040 |
_aARTS _cARTS _bhin |
||
| 041 |
_2hin _ahin |
||
| 082 | _aO152,4N06x, Q3.1-.2(RR) | ||
| 100 | _aनिशांतकेतु, संपा. | ||
| 245 | 0 | _aसाहित्य - वाचस्पति डॉ. लक्ष्मीनारायण सुधांशु का युगदर्श पत्र साहित्य | |
| 246 | _aSāhitya - vāchaspati ḍaॉ. Lakṣhmīnārāyaṇ sudhāanshu kā yugadarsha patra sāhitya | ||
| 260 |
_aनई दिल्ली _bडायमंड बुक्स भारत _c2013 |
||
| 490 | _vभाग 1 | ||
| 650 |
_aहिन्दी पत्र; हिन्दी साहित्य _99808 |
||
| 942 |
_hO152,4N06x, Q3.1-.2(RR) _cREF |
||
| 999 |
_c115123 _d115123 |
||